书目信息 |
| 书名: | Morality, harm, and the law | |
| 作者: | edited by Gerald Dworkin. | |
| 分册号: | ||
| 分册名: | 出版地: | Boulder : |
|
| 出版社: | Westview Press | |
| 出版时间: | 1994. | |
| 页数: | x, 197 p. ; | |
| 开本: | 24 cm. | |
| 丛书名: | ||
| 中图分类号: | ||
| 科图分类号: | ||
| 其他分类号: | D90 | |
| 主题词: | ||
| 电子资源: | ||
| 000 | 00793cam 2200277 a 45 | |
| 001 | E0729886882 | |
| 003 | DLC | |
| 005 | 20070316085741.14 | |
| 008 | 931007s1994 cou b 000 0 eng | |
| 010 | @a 93038471 | |
| 020 | @a0813387108 (HC). :@cUSD23.95. | |
| 020 | @a0813387116 (pbk.). | |
| 040 | @aDLC@cDLC@dDLC | |
| 050 | 00 | @aK235@b.M67 1994 |
| 082 | 00 | @a340/.1 @2 20 |
| 090 | @aD90 | |
| 099 | @dD90@ex29 | |
| 245 | 00 | @aMorality, harm, and the law / @cedited by Gerald Dworkin. |
| 260 | @aBoulder :@bWestview Press,@c1994. | |
| 300 | @ax, 197 p. ;@c24 cm. | |
| 504 | @aIncludes bibliographical references. | |
| 650 | 0 | @aLaw@xPhilosophy. |
| 650 | 0 | @aLaw and ethics. |
| 700 | 10 | @aDworkin, Gerald. |
| 905 | @anul96001368 | |
| 920 | @a232010@bD90/X10 | |
| Morality, harm, and the law / / edited by Gerald Dworkin.-Boulder : : Westview Press, , 1994. |
| x, 197 p. ; ; 24 cm. |
| Includes bibliographical references. |
| ISBN 0813387108 (HC). :USD23.95. |
| ● |
| 相关链接 |
|
|
|
|
正题名:Morality, harm, and the law
索取号:D90/x29
 
预约/预借
| 序号 | 登录号 | 条形码 | 馆藏地/架位号 | 状态 | 备注 |
| 1 | 0002020 | 300020206 | 第二样本阅览室/ [索取号:D90/x29] | 在馆 | |
| 2 | 0002021 | 300020215 | 第四借阅区/ [索取号:D90/x29] | 在馆 | |
| 3 | 0002022 | 300020224 | 第四借阅区/ [索取号:D90/x29] | 在馆 |